Koncepčný návrh bočného zdvíhacieho zariadenia na nakladanie ISO kontajnerov

Salvato in:
Dettagli Bibliografici
Autore principale: Škrabek, Marcel (Autore)
Altri autori: Nagy, Miroslav (Relatore della tesi)
Natura: Manoscritto Libro
Lingua:slovacco
Pubblicazione: 2025
Soggetti:
Accesso online:http://is.stuba.sk/zp/portal_zp.pl?podrobnosti=193589
Tags: Aggiungi Tag
Nessun Tag, puoi essere il primo ad aggiungerne!!

MARC

LEADER 00000ntm a22000003a 4500
001 stuzp105351
003 SK-STU
005 20250621210510.4
007 ta
008 150427s2015----xo-----f-mn---000-0-slo-d
040 |a STU  |b slo 
041 0 |a slo 
100 1 |a Škrabek, Marcel  |u 020030  |4 aut  |U SjF Strojnícka fakulta  |T SjF Ústav automobilového inžinierstva a konštruovania  |X 104937  |U J0030  |Y 806  |7 104937 
242 0 1 |a Conceptual design of a side lifting device for loading ISO containers  |y eng 
245 1 0 |a Koncepčný návrh bočného zdvíhacieho zariadenia na nakladanie ISO kontajnerov 
260 |c 2025 
650 4 |a zdvíhacie zariadenie  |2 slo 
650 4 |a manipulátor  |2 slo 
650 4 |a kontajner  |2 slo 
650 4 |a MAN TGS 8x8  |2 slo 
650 4 |a manipulator  |2 eng 
650 4 |a lifting device  |2 eng 
650 4 |a container  |2 eng 
650 4 |a MAN TGS 8x8  |2 eng 
700 1 |a Nagy, Miroslav  |u 020030  |k Z3  |4 ths  |U SjF Strojnícka fakulta  |T SjF Ústav automobilového inžinierstva a konštruovania  |X 8655  |U J0030  |Y 806  |7 8655 
856 4 |u http://is.stuba.sk/zp/portal_zp.pl?podrobnosti=193589